00365nam a2200145Ia 4500008004100000020001800041041000800059082001600067100001700083245004500100260002300145300000800168365001400176700002900190230720s9999 xx 000 0 und d a9789352136049 aeng a006.32bPAT aPatterson J. aDeep LearningbA Practitioner's Approach c2017bSPD/O'Reilly a507 cRs.b2050 aPatterson J. & Gibson A.